Uttar purbanchalar janagusthi: (Record no. 12163)

MARC details
000 -LEADER
fixed length control field 00576nam a22001937a 4500
005 - DATE AND TIME OF LATEST TRANSACTION
control field 20250307091138.0
008 - FIXED-LENGTH DATA ELEMENTS--GENERAL INFORMATION
fixed length control field 250307b |||||||| |||| 00| 0 eng d
020 ## - INTERNATIONAL STANDARD BOOK NUMBER
International Standard Book Number 9789358499124
040 ## - CATALOGING SOURCE
Original cataloging agency IN-DiNC
Transcribing agency IN-DiNC
041 ## - LANGUAGE CODE
Language code of sung or spoken text Assamese
082 ## - DEWEY DECIMAL CLASSIFICATION NUMBER
Classification number 398.095416
Item number UTT
245 ## - TITLE STATEMENT
Title Uttar purbanchalar janagusthi:
Remainder of title samaj aru sanskriti (v.2)/
Statement of responsibility, etc. ed. by Arpana Konwar
250 ## - EDITION STATEMENT
Edition statement 1st ed.
260 ## - PUBLICATION, DISTRIBUTION, ETC.
Place of publication, distribution, etc. Dibrugarh:
Name of publisher, distributor, etc. Banalata,
Date of publication, distribution, etc. 2023.
300 ## - PHYSICAL DESCRIPTION
Extent 464p.
650 ## - SUBJECT ADDED ENTRY--TOPICAL TERM
Topical term or geographic name entry element Society and culture of ethnic groups of North East India
700 ## - ADDED ENTRY--PERSONAL NAME
Personal name Konwar, Arpana
Relator term Editor
942 ## - ADDED ENTRY ELEMENTS (KOHA)
Source of classification or shelving scheme Dewey Decimal Classification
Koha item type Books
Holdings
Withdrawn status Lost status Source of classification or shelving scheme Damaged status Not for loan Collection code Home library Current library Shelving location Date acquired Cost, normal purchase price Total Checkouts Full call number Barcode Date last seen Copy number Price effective from Koha item type
    Dewey Decimal Classification     Assamese Naharkatiya College Library Naharkatiya College Library General Stacks 07/03/2025 650.00   398.095416 UTT 30584 07/03/2025 1 07/03/2025 Books

Naharkatiya College © 2020. All rights reserved.

Powered By